00564nam a22001697a 450000500170000001000150001702000260003203500130005803700130007108200210008410000250010524500980013026000330022827000610026130000220032250000500034420150622150213.0 aENG-113099 a9789382420033c750.00 aEN-96631 bDBAD/PUB a266.023411054147 aChakraborty, Soumita aRev Alexander Duff and the Scottish Mission in Calcutta (1806-1878) /cby Soumita Chakraborty bKunal booksc2013aNew Delhi b New Delhie110002a4596/1A, First Floor, 11, Daryaganj, ax,216p.c23cm(Hb) aIncludes bibliographical references and index